Sports Quiz

Random Sports or Basketball Quiz

Every NBA Player During 18/19 by First Name Quiz Stats

 Plays Quiz not verified by Sporcle

Score 0/300 Timer 20:00
0 Plays Today
First Name Last Name % Correct
LaMarcusAldridge
98.5%
LonzoBall
98%
StevenAdams
97%
JarrettAllen
97%
GiannisAntetokounmpo
96.5%
Bruce, Jaylen, Sterling, TroyBrown
96%
Al-FarouqAminu
94%
Devin, Gary, Joe, TobiasHarris
93.5%
Danny, Draymond, Gerald, JaMychal, JeffGreen
93.5%
Aaron, EricGordon
93%
Frank, Jaren, Josh, Justin, ReggieJackson
92.5%
JimmyButler
92.5%
DeAndreJordan
92.5%
LeBronJames
92.5%
Seth, StephenCurry
92%
Vince, WendellCarter
92%
BradleyBeal
91.5%
Bogdan, BojanBogdanovic
91.5%
DeMarcusCousins
91.5%
BlakeGriffin
91%
MarcGasol
91%
LukaDoncic
91%
KentaviousCaldwell-Pope
91%
Anthony, EdDavis
91%
KyleAnderson
91%
ClintCapela
90.5%
HarrisonBarnes
90%
Lou, Kenrich, MarvinWilliams
90%
Kawhi, MeyersLeonard
90%
BamAdebayo
90%
James, Stanley, TylerJohnson
90%
Tyson, WilsonChandler
90%
Aaron, Jrue, JustinHoliday
89.5%
KyrieIrving
89.5%
PattyMills
89.5%
JaValeMcGee
89.5%
GoranDragic
89.5%
De'AaronFox
89%
JoelEmbiid
89%
BuddyHield
88.5%
SergeIbaka
88.5%
AveryBradley
88.5%
DwyaneWade
88.5%
DeMarDeRozan
88%
Jerami, JerianGrant
88%
DonovanMitchell
88%
Thaddeus, TraeYoung
88%
NicolasBatum
88%
Derrick, TyusJones
88%
Dennis, IshSmith
88%
TyrekeEvans
88%
Klay, TristanThompson
87.5%
NikolaJokic
87.5%
John, ZachCollins
87.5%
DeMarreCarroll
87.5%
TajGibson
87.5%
KentBazemore
87.5%
O.G.Anunoby
87.5%
Marcus, Markieff, MonteMorris
87%
DaniloGallinari
87%
George, SolomonHill
87%
BismackBiyombo
87%
JoakimNoah
87%
KembaWalker
86.5%
KhrisMiddleton
86.5%
Jabari, TonyParker
86.5%
OttoPorter
86.5%
EnesKanter
86.5%
DraganBender
86.5%
DirkNowitzki
86.5%
Karl-AnthonyTowns
86%
Mikal, MilesBridges
86%
Brook, RobinLopez
86%
DevinBooker
86%
LauriMarkkanen
86%
RajonRondo
85.5%
J.J.Redick
85%
D.J.Augustin
85%
MontrezlHarrell
85%
DerrickWhite
85%
TaureanPrince
85%
D'AngeloRussell
84.5%
TrevorAriza
84.5%
DewayneDedmon
84.5%
KevonLooney
84.5%
PascalSiakam
84%
JamalMurray
84%
JusufNurkic
84%
MarcoBelinelli
84%
ThonMaker
84%
MarcinGortat
84%
RussellWestbrook
83.5%
JaeCrowder
83.5%
E'TwaunMoore
83.5%
GorguiDieng
83.5%
JahlilOkafor
83.5%
ElfridPayton
83%
JoseCalderon
83%
RudyGobert
82.5%
Evan, MylesTurner
82.5%
First Name Last Name % Correct
RickyRubio
82.5%
DomantasSabonis
82.5%
Glenn, MitchellRobinson
82.5%
YogiFerrell
82.5%
NerlensNoel
82.5%
C.J.Miles
82.5%
KennethFaried
82.5%
DarrenCollison
82%
DarioSaric
82%
MalcolmBrogdon
82%
Dwight, NormanPowell
82%
CediOsman
81.5%
VictorOladipo
81.5%
TreyBurke
81.5%
ZazaPachulia
81.5%
DamianLillard
81%
EvanFournier
81%
ShaiGilgeous-Alexander
81%
AronBaynes
81%
HassanWhiteside
80.5%
Juan, WillyHernangomez
80.5%
NikolaVucevic
80%
MalikBeasley
80%
ErsanIlyasova
80%
Gary, IanClark
80%
ShaunLivingston
80%
GordonHayward
79.5%
CarisLeVert
79.5%
QuinnCook
79.5%
Ben, JonathonSimmons
79%
RodneyHood
79%
EmmanuelMudiay
79%
RondaeHollis-Jefferson
79%
LanceThomas
79%
J.J.Barea
79%
IvicaZubac
78.5%
JerrydBayless
78.5%
Chasson, JuliusRandle
78%
SpencerDinwiddie
78%
ImanShumpert
78%
DionWaiters
78%
BobanMarjanovic
78%
JustiseWinslow
77.5%
ShelvinMack
77.5%
JamalCrawford
77.5%
RudyGay
77%
LangstonGalloway
77%
MalikMonk
77%
CodyZeller
77%
ThaboSefolosha
77%
DeandreAyton
76.5%
DariusMiller
76.5%
MarvinBagley
76.5%
DerrickRose
76.5%
JordanBell
76.5%
C.J.McCollum
76%
BrynForbes
76%
DerrickFavors
76%
AndreIguodala
76%
BobbyPortis
76%
WillBarton
76%
WillieCauley-Stein
75%
AlHorford
75%
P.J.Tucker
74.5%
WayneEllington
74.5%
LanceStephenson
74.5%
CameronPayne
74.5%
JaysonTatum
74%
TomasSatoransky
74%
NemanjaBjelica
74%
MasonPlumlee
74%
DelonWright
74%
MohamedBamba
74%
WesleyMatthews
73.5%
AustinRivers
73.5%
PaulMillsap
73.5%
ShabazzNapier
73.5%
JeremyLin
73%
FredVanVleet
72.5%
AlecBurks
72.5%
NikStauskas
72.5%
JamesHarden
72%
MaxiKleber
72%
KevinDurant
71.5%
KellyOlynyk
71.5%
LandryShamet
71.5%
MauriceHarkless
71.5%
RichaunHolmes
71.5%
AndrewWiggins
71%
BrandonIngram
71%
JakobPöltl
71%
JonasValanciunas
71%
PaulGeorge
70.5%
AndreDrummond
70.5%
TerryRozier
70.5%
JaredDudley
70%
AnteZizic
70%
MatthewDellavedova
70%
CristianoFelicio
70%
CoryJoseph
69%
First Name Last Name % Correct
KyleKorver
69%
Devonte', TreveonGraham
69%
JoeIngles
68.5%
PatrickBeverley
68.5%
JordanClarkson
68%
TerranceRoss
68%
MarioHezonja
68%
CheikDiallo
68%
ZachLaVine
67.5%
TerranceFerguson
67.5%
AllonzoTrier
67.5%
ReggieBullock
67%
ShaquilleHarrison
67%
DougMcDermott
67%
JonasJerebko
67%
JohnWall
66.5%
JonathanIsaac
66%
PatrickPatterson
66%
KellyOubre
65.5%
KevinLove
65.5%
DamyeanDotson
65%
NoahVonleh
65%
PatConnaughton
65%
AlexLen
64.5%
T.J.McConnell
64.5%
RodionsKurucs
64.5%
KyleLowry
64%
GarrettTemple
64%
FrankNtilikina
64%
DwayneBacon
64%
TorreyCraig
63.5%
ColinSexton
63%
JeremyLamb
63%
DavisBertans
63%
KrisDunn
63%
NikolaMirotic
63%
RobertCovington
63%
TroyDaniels
63%
KhemBirch
63%
OmariSpellman
62.5%
FurkanKorkmaz
62.5%
HarryGiles
61.5%
ChrisPaul
61%
BrunoCaboclo
61%
MarcusSmart
60.5%
DeAndre'Bembry
60.5%
DanuelHouse
60.5%
KevinHuerter
60%
LarryNance
60%
KyleKuzma
59.5%
DanteExum
59.5%
TimHardaway
59%
MikeConley
58.5%
JoshRichardson
58%
TreyLyles
58%
BrandonKnight
58%
De'AnthonyMelton
57.5%
T.J.Warren
57%
JamesEnnis
57%
EricBledsoe
56.5%
MikeScott
56.5%
FrankKaminsky
56.5%
DennisSchröder
56%
DorianFinney-Smith
56%
LukeKennard
55.5%
DanteCunningham
54%
JalenBrunson
53.5%
SamDekker
53.5%
JoshOkogie
53%
AbdelNader
53%
JonahBolden
53%
TonySnell
52.5%
RodneyMcGruder
51%
JakeLayman
51%
AllenCrabbe
51%
TimFrazier
51%
AlfonzoMcKinnie
51%
JeffTeague
50.5%
JoshHart
49.5%
D.J.Wilson
49.5%
IsaiahCanaan
48.5%
RoyceO'Neale
47%
ElieOkobo
47%
TyroneWallace
45.5%
TimotheLuwawu-Cabarrot
44.5%
RyanArcidiacono
44%
AnthonyTolliver
44%
KevinKnox
43%
TomasBryant
42.5%
MikeMuscala
41.5%
WesleyIwundu
41.5%
LukeKornet
41%
IvanRabb
39.5%
WayneSelden
38.5%
DanielTheis
38%
MichaelKidd-Gilchrist
36%
ChandlerHutchinson
35.5%
AntonioBlakeney
34.5%
TylerDorsey
33%
DavidNwaba
28.5%

You're not logged in!

Compare scores with friends on all Sporcle quizzes.
OR
Log In

Sporcle TV

Today on Sporcle TV


Watch our educational content, quiz creation guides, and fun videos on Sporcle TV.

Show Comments

Extras

Top Quizzes Today


Score Distribution

Your Account Isn't Verified!

In order to create a playlist on Sporcle, you need to verify the email address you used during registration. Go to your Sporcle Settings to finish the process.

Report this User

Report this user for behavior that violates our Community Guidelines.

Details: